भुगतान-प्रणाली व इलेक्ट्रॉनिक मीडिया / (Record no. 112025)

MARC details
000 -LEADER
fixed length control field 01301nam a22002777a 4500
005 - DATE AND TIME OF LATEST TRANSACTION
control field 20170124102932.0
010 ## - LIBRARY OF CONGRESS CONTROL NUMBER
LC control number B-057679
020 ## - INTERNATIONAL STANDARD BOOK NUMBER
Terms of availability 300.00
International Standard Book Number 8186125299
035 ## - SYSTEM CONTROL NUMBER
System control number B-057679
037 ## - SOURCE OF ACQUISITION
Source of stock number/acquisition Cen Lib/Ret
040 ## - CATALOGING SOURCE
Original cataloging agency DPL
Language of cataloging HN
082 ## - DEWEY DECIMAL CLASSIFICATION NUMBER
Classification number 332.17
Item number यादव
100 ## - MAIN ENTRY--PERSONAL NAME
Personal name यादव, दलसिंगार
9 (RLIN) 9496
245 ## - TITLE STATEMENT
Title भुगतान-प्रणाली व इलेक्ट्रॉनिक मीडिया /
Statement of responsibility, etc दलसिंगार यादव [एवं] सुब्रत दास
246 ## - VARYING FORM OF TITLE
Title proper/short title Bhugtan-pranali ve electronic media /
Remainder of title by Dasingar yadav [and] Subrat Das
260 ## - PUBLICATION, DISTRIBUTION, ETC. (IMPRINT)
Name of publisher, distributor, etc शारदा प्रकाशन
Place of publication, distribution, etc नई दिल्ली
Date of publication, distribution, etc 2001
270 ## - ADDRESS
Address 16/एफ-3, अंसारी रोड, दरियागंज
City नई दिल्ली
Postal code 110002
300 ## - PHYSICAL DESCRIPTION
Extent 171पृ.
Dimensions 21सेमी (सजिल्द)
500 ## - GENERAL NOTE
General note अनुक्रमाणिका शामिल
650 ## - SUBJECT ADDED ENTRY--TOPICAL TERM
Topical term or geographic name as entry element इलेक्ट्रॉनिक मीडिया
9 (RLIN) 45537
650 ## - SUBJECT ADDED ENTRY--TOPICAL TERM
Topical term or geographic name as entry element भुगतान-प्रणाली
9 (RLIN) 45538
650 ## - SUBJECT ADDED ENTRY--TOPICAL TERM
Topical term or geographic name as entry element Electronic media
9 (RLIN) 45539
650 ## - SUBJECT ADDED ENTRY--TOPICAL TERM
Topical term or geographic name as entry element Payment-system
9 (RLIN) 45540
700 ## - ADDED ENTRY--PERSONAL NAME
Personal name दास, सुब्रत
9 (RLIN) 43260
942 ## - ADDED ENTRY ELEMENTS (KOHA)
Source of classification or shelving scheme Dewey Decimal Classification
Koha item type Hindi Books
Classification part 332.17
Call number suffix यादव
Holdings
Withdrawn status Lost status Damaged status Not for loan Home library Current library Date acquired Source of acquisition Cost, normal purchase price Total Checkouts Full call number Barcode Date last seen Copy number Cost, replacement price Price effective from Koha item type
        Central Library Central Library 06/08/2015 Cen Lib/Ret 300.00   332.17 यादव B-057679 06/08/2015 1 300.00 06/08/2015 Hindi Books

© Delhi Public Library
Hit Counter
free hit counter